Entrepreneurial skills for your child : guidelines for parents (Record no. 406176)
[ view plain ]
| 000 -LEADER | |
|---|---|
| fixed length control field | 00309nam a2200097Ia 4500 |
| 082 ## - DEWEY DECIMAL CLASSIFICATION NUMBER | |
| Classification number | 649.6 KROO |
| 008 - FIXED-LENGTH DATA ELEMENTS--GENERAL INFORMATION | |
| fixed length control field | 210817s9999 xx 000 0 und d |
| 100 ## - MAIN ENTRY--PERSONAL NAME | |
| Personal name | KROON, Susan Wellington, 2003 1st ed |
| 9 (RLIN) | 96557 |
| 245 #0 - TITLE STATEMENT | |
| Title | Entrepreneurial skills for your child : guidelines for parents |
| 942 ## - ADDED ENTRY ELEMENTS | |
| item type | Books |
No items available.